Közgazdasági elmélet a természeti eröforrásokról.

Príroda a prostredie v klasických a neoklasických teóriách. Negatívne vplyvy vonkajších podmienok na hospodársku situáciu. Holandská politika ochrany životného prostredia. Alternatívny model využívania prírodných zdrojov. Súvislosti ekonomických a ekologických hľadísk.

Uložené v:
Podrobná bibliografia
Hlavný autor: Straaten, J. van der
Médium: Kapitola
Jazyk:Hungarian
Predmet:
Tagy: Pridať tag
Žiadne tagy, Buďte prvý, kto otaguje tento záznam!

MARC

LEADER 00000naa a2200000 4500
001 r010567
005 20221125113522.8
041 0 |a hun 
044 |a HU 
245 1 0 |a Közgazdasági elmélet a természeti eröforrásokról.  |c J.van der Straaten 
520 |a Príroda a prostredie v klasických a neoklasických teóriách. Negatívne vplyvy vonkajších podmienok na hospodársku situáciu. Holandská politika ochrany životného prostredia. Alternatívny model využívania prírodných zdrojov. Súvislosti ekonomických a ekologických hľadísk. 
610 2 0 |a neoklasicizmus 
610 2 0 |a ochrana prostredia životného 
610 2 0 |a ekológia 
610 2 0 |a zdroje prírodné 
610 2 0 |a prostredie životné 
610 2 0 |a Holandsko 
610 2 0 |a politika hospodárska 
610 2 0 |a využitie zdrojov prírodných 
610 2 0 |a modely 
100 1 |a Straaten, J. van der